00928cam a2200253 a 4500999001500000001000500015003000900020005001700029008004100046020001600087020001800103040003800121082002400159100001900183245003800202260005700240300004000297490002800337504005100365650005300416650007100469942001200540952012200552 c3294d32942904BD-DhUAP20210130164625.0200303s1998 bg abf b f000 0 eng  a1568981821  a9781568981826 aBD-DhUAPcBD-DhUAPdBD-DhUAPbEng a779.4747243 STO223 aStoller, Ezra. aThe TWA Terminal /cEzra Stoller. aNew York :bPrinceton Architectural Press, c©1999. a88 pages :billustrations ;c18 cm. aBuilding blocks series  aIncludes bibliographical references and index. aTrans World Airlines Terminal -- Pictorial works aNew York (N.Y.) -- Buildings, structures, etc. -- Pictorial works. 2ddccBK 00102ddc4070aUAPCLbUAPCLcGeneral Stacksd2020-03-03o779.4747243 STOp3010002904r2020-03-03t1w2020-03-03yBK